ბათუმის შოთა რუსთაველის სახელმწიფო უნივერსიტეტის ბიბლიოთეკა

საქართველოს საინჟინრო სიახლენი. № 4 (vol.64). 2015 (ბიბ.ჩანაწერი № 55826)

000 -LEADER
fixed length control field 00832nam a2200205Ia 4500
001 - CONTROL NUMBER
control field 22923
003 - CONTROL NUMBER IDENTIFIER
control field GE_BSU
008 - FIXED-LENGTH DATA ELEMENTS--GENERAL INFORMATION
fixed length control field 181216s||||||||xx |||||||||||||| ||und||
040 ## - CATALOGING SOURCE
Transcribing agency GE_BSU
080 ## - UNIVERSAL DECIMAL CLASSIFICATION NUMBER
Universal Decimal Classification number პერიოდიკა
245 ## - TITLE STATEMENT
Title საქართველოს საინჟინრო სიახლენი. № 4 (vol.64). 2015
245 ## - TITLE STATEMENT
Statement of responsibility, etc. რედაქტორი: ვლადიმირ დოლიძე
260 ## - PUBLICATION, DISTRIBUTION, ETC.
Place of publication, distribution, etc. თბილისი
260 ## - PUBLICATION, DISTRIBUTION, ETC.
Date of publication, distribution, etc. 2018
300 ## - PHYSICAL DESCRIPTION
Extent 124გვ. 30სმ.
520 ## - SUMMARY, ETC.
Summary, etc. ტექსტი ქართულ, რუსულ და ინგლისურ ენებზე.
653 ## - INDEX TERM--UNCONTROLLED
Uncontrolled term Georgian engineering news ჟურნალი:
653 ## - INDEX TERM--UNCONTROLLED
Uncontrolled term საქართველოს საინჟინრო სიახლენი
942 ## - ADDED ENTRY ELEMENTS (KOHA)
Koha item type პერიოდიკა
ეგზემპლარები
Withdrawn status Lost status Damaged status Not for loan Date acquired Barcode Date last seen Price effective from Koha item type Public note
        2018-12-17 p 79585 2018-12-17 2018-12-17 პერიოდიკა პერიოდიკა